A közösségi média hatása a fogyasztók döntéshozatalára a táplálékkiegészítők piacán

Bibliographic Details
Main Author: Zabos Vivien
Other Authors: Sólyomfi Dr. Andrea Hanna
Format: Thesis
Kulcsszavak:ajánlások
fogyasztó(k)
közösségi média
közszereplők
vállalat
Online Access:http://dolgozattar.uni-bge.hu/59646

MARC

LEADER 00000nta a2200000 i 4500
001 dolg59646
005 20260409145348.0
008 260409suuuu hu om 000 hun d
040 |a BGE Dolgozattár Repozitórium  |b hun 
041 |a hu 
100 1 |a Zabos Vivien 
245 1 2 |a A közösségi média hatása a fogyasztók döntéshozatalára a táplálékkiegészítők piacán  |c Zabos Vivien  |h [elektronikus dokumentum] 
520 3 |a Szakdolgozatomban a fogyasztói döntéshozatalt vizsgáltam, a táplálékkiegészítők piacán. Feltárjam azokat a tényezőket melyek hozzájárulnak a fogyasztók döntéshozatalaihoz, illetve melyek azok az elemek, amelyek fokozzák a fogyasztói márkahűség kialakulását, mind ezt az egészséges életmódra vágyó táplálékkiegészítőket vásárlók körében. Kutatásommal arra kerestem a választ, hogy a közösségi médiában megjelenő influenszerek mennyire befolyásolják a fogyasztók döntéshozatalait, abban, hogy egészségükre hatásos táplálékkiegészítőt vásároljanak.Szakdolgozatomban a kvantitatív kutatási módszert alkalmaztam, annak érdekében, hogy számszerűsíthető adatokat tudjak gyűjteni a témámhoz kapcsolódóan. Az adatgyűjtéshez kérdőíves megkérdezést használtam. 
695 |a ajánlások 
695 |a fogyasztó(k) 
695 |a közösségi média 
695 |a közszereplők 
695 |a vállalat 
700 1 |a Sólyomfi Dr. Andrea Hanna  |e ths 
856 4 0 |u http://dolgozattar.uni-bge.hu/59646/1/Zabos%20Vivien_FNQ558.pdf  |z Dokumentum-elérés 
856 4 0 |u http://dolgozattar.uni-bge.hu/59646/2/Nyilatkozat.pdf  |z Dokumentum-elérés 
856 4 0 |u http://dolgozattar.uni-bge.hu/59646/3/Zabos%20Vivien.pdf  |z Dokumentum-elérés 
856 4 0 |u http://dolgozattar.uni-bge.hu/59646/4/Zabos%20Vivien%20.pdf  |z Dokumentum-elérés